| 000 | 00812cam a2200181 i 4500 | ||
|---|---|---|---|
| 005 | 20251118121716.0 | ||
| 008 | 250721s2001 jo gr 000 0 ara d | ||
| 082 | 1 | 4 |
_a210.430134 _bع ا ش |
| 100 | 1 |
_aبن عاشور، محمد الطاهر _eمؤلف. |
|
| 245 | 1 | 0 |
_aأصول النظام الإجتماعي في الإسلام / _cتأليف فضيلة العلامة سماحة الإمام محمد الطاهر بن عاشور ؛ قرأه وخرج أحاديثه ووثق شواهده محمد الطاهر بن عاشور. |
| 250 | _aالطبعة الأولى. | ||
| 264 | 3 | 1 |
_aعمان : _bدار النفائس، _c2001. |
| 300 | _a370 صفحة. | ||
| 650 | 1 | 7 | _aأصول الدين الإسلامي. |
| 650 | 1 | 7 | _aالعلوم الإسلامية. |
| 942 |
_2ddc _cBK |
||
| 999 |
_c36404 _d36404 |
||